000 01030cam a2200205 4500
001 L136580
008 070208n2005 000 0 eng u
035 _a(Sirsi) u136580
041 0 _aeng
100 1 _aKnight, Andrew
245 0 0 _aProfessionalism and ethical decision making
_h[electronic resource]
260 _aLondon
_bRICS
_c2005
490 0 _aCOBRA
_v2005
520 _aArgues that professionalism is a continuum of traits determined by reference to the characteristics of various historically powerful professions, and that if surveyors wish to defend and enhance their status, practitioners must become more aware of the complexities of moral and ethical frameworks.
651 4 _aInternational
690 _aMANAGEMENT-BUSINESS MANAGEMENT-PROFESSIONAL PRACTICE-PROFESSIONAL ETHICS
700 1 _aMorledge, Roy
856 4 0 _uhttps://epicms.rics.org/en/jaduimportroot/jadudownloads/COBRA/COBRA-2005_/Professionalism-and-ethical-decision-making_2911/
_zView the item free of charge at www.rics.org...
942 _n0
999 _c106442
_d106442